Kaynana vergisi (Record no. 6597)

MARC details
000 -BAŞLIK
Sabit Uzunlukta Kontrol Alanı 00720na a2200265 4500
001 - KONTROL NUMARASI
Denetim Alanı 16051
003 - KONTROL NUMARASI IDENTIFIER
Denetim Alanı MIRAKIL
005 - SON İŞLEM TARİHİ VE ZAMANI
Denetim Alanı 20181213155112.0
008 - SABİT-BOY VERİ ELEMANLARI - GENEL BİLGİLER
Sabit Uzunlukta Kontrol Alanı 161001b tu 000 0
020 ## - ULUSLARARASI STANDART KİTAP NUMARASI
Uluslararası Standart Kitap Numarası 9786055929282
035 ## - SİSTEM KONTROL NUMARASI
Sistem Kontrol Numarası 16051
040 ## - KATALOGLAMA KAYNAK
Orijinal Kataloglama Ajansı Milas
Kataloglama Dili tur
Metne Dönüştürmek Ajansı TR-AnCHP
041 ## - DİL KODU
Metin / Ses Parça Veya Ayrı Başlığın Dil Kodu tur
082 ## - DEWEY ONLU SINIFLANDIRMA NUMARASI
Sınıflandırma Numarası 817.42
Ürün Numarası K49k 2010
090 ## - SINIFLAMA NUMARASI
Sınıflama Numarası 817.42 K49k 2010
100 ## - ANA GİRİŞ - KİŞİSEL İSİM
Kişisel Ad Kızılot, Şükrü
245 ## - BAŞLIK TABLOSU
Başlık Kaynana vergisi
Sorumluluk Tablosu, Vb Şükrü Kızılot
250 ## - EDITION TABLOSU
Baskı Beyanı 9.bs.
260 ## - YAYIN, DAĞITIM, VB
Yayın, Dağıtım, Vb Yeri Ankara
Yayıncı, Dağıtıcı, Vs Adı Yaklaşım yayıncılık
Yayın, Dağıtım, Vb Tarihi 2010
300 ## - FİZİKSEL TANIM
Kapsam 320 s.
Diğer Fiziksel Ayrıntıları resim var.
Boyutlar 19 sm.
500 ## - GENEL NOT
Genel Not Yapıt yazarından imzalıdır.
650 ## - KONU KATMA GİRİŞ - TOPİKAL DÖNEM
Topikal Süreli Veya Coğrafi Ad Giriş Elemanı Türk edebiyatı
Genel Alt Bölümü Hiciv ve mizah
942 ## - EKLENDİ GİRİŞ ELEMANLARI (KOHA)
Sınıflandırma Veya Raf Düzeni Kaynak Dewey Decimal Classification
Koha Öğesi Türü Books
999 ## - SİSTEM KONTROL NUMARALARI (KOHA)
Koha Biblionumber 6597
Koha Biblioitemnumber 6597
657 ## - INDEX SÜRE - İŞLEVİ
-- Türkçe hiciv ve mizah
Holdings
Kalıcı Konum Mevcut Konum Edinme Tarihi Edinim Kaynak Toplam Check-Out'Lar Tam Çağrı Numarası Barkod Tarih Son Görülme İtibaren Geçerli Fiyatlar Koha Öğesi Türü
CHP Kütüphanesi CHP Kütüphanesi 09/29/2016 Bağış   817.42 K49k 2010 004310 09/29/2016 09/29/2016 Books